00000000nam 2200000zi 4500
0019.945649
003CaOODSP
00520241127153747
006m     o  d f      
007cr bn ||||||||
008241127e19730518onc     ob   f001 0 fre d
040 |aCaOODSP|bfre|erda|cCaOODSP
041 |afre|aeng
043 |an-cn---
0861 |aH14-379/1973-PDF
24500|aWorking paper on social security in Canada = |bDocument de travail sur la securite sociale au Canada.
24611|aDocument de travail sur la securite sociale au Canada
264 1|a[Ottawa] : |bGovernment of Canada = Gouvernement du Canada, |cle 18 avril.
300 |a1 ressource en ligne (57 pages)
336 |atexte|btxt|2rdacontent/fre
337 |ainformatique|bc|2rdamedia/fre
338 |aressource en ligne|bcr|2rdacarrier/fre
500 |aÉdition numérisée de l'imprimée [par Direction des publications du gouvernement du Canada].
500 |aNumérotation répétée sur les pages suppléants.
504 |aComprend des références bibliographiques.
546 |aTexte en français et en anglais.
650 6|aSécurité sociale|zCanada.
650 6|aAide sociale|zCanada.
7101 |aCanada. |bMinistère de la santé nationale et du bien-être social, |eorganisme de publication.
788 |tWorking paper on social security in Canada = |eeng|w(CaOODSP)9.902407
85640|qPDF|s5.58 Mo|uhttps://publications.gc.ca/collections/collection_2024/sc-hc/H14-379-1973.pdf